Ville de France de plus de 10 000 habitants - Statistiques

Statistiques générales
  • Ce quiz a été pris 76 fois
  • Le résultat moyen est 263 sur 1030
Statistiques - réponses
Département Ville Population % Correct
69 Lyon 520774
95%
75 Paris 2113705
95%
59 Lille 238695
92%
13 Marseille 877215
92%
67 Strasbourg 291709
92%
54 Toul 15570
92%
33 Bordeaux 265328
90%
42 Saint-Étienne 172569
90%
35 Rennes 227830
87%
31 Toulouse 511684
87%
29 Brest 140993
85%
21 Dijon 159941
85%
44 Nantes 325070
85%
06 Nice 353701
85%
76 Rouen 116331
85%
34 Montpellier 307101
82%
51 Reims 178478
82%
83 Toulon 180834
82%
14 Caen 108398
79%
38 Grenoble 156389
79%
72 Le Mans 145182
79%
37 Tours 138668
79%
85 La Roche-sur-Yon 54699
77%
62 Lens 32697
77%
45 Orléans 116344
77%
2A Ajaccio 75343
74%
80 Amiens 134780
74%
59 Dunkerque 87013
74%
17 La Rochelle 79961
74%
76 Le Havre 166462
74%
57 Metz 121695
74%
974 Saint-Denis 156149
74%
93 Saint-Denis 115237
74%
60 Clermont 10704
72%
63 Clermont-Ferrand 147751
72%
87 Limoges 129754
72%
68 Mulhouse 104924
72%
54 Nancy 104387
72%
64 Pau 78620
72%
49 Angers 157555
69%
2B Bastia 47459
69%
64 Bayonne 53312
69%
30 Nîmes 150444
69%
66 Perpignan 120996
69%
86 Poitiers 89472
69%
78 Versailles 83918
69%
25 Besançon 120057
67%
56 Lorient 58202
67%
26 Valence 64288
67%
74 Annecy 131272
64%
89 Auxerre 35236
64%
01 Bourg-en-Bresse 42065
64%
51 Châlons-en-Champagne 43218
64%
73 Chambéry 60251
64%
68 Colmar 67360
64%
91 Évry-Courcouronnes 66700
64%
56 Vannes 54955
64%
69 Villeurbanne 162207
64%
13 Aix-en-Provence 147933
62%
84 Avignon 91760
62%
62 Calais 67585
62%
29 Quimper 64530
62%
59 Roubaix 99507
62%
35 Saint-Malo 47255
62%
10 Troyes 62443
62%
64 Biarritz 25810
59%
06 Cannes 74040
59%
05 Gap 40656
59%
79 Niort 60074
59%
44 Saint-Nazaire 73111
59%
16 Angoulême 41423
56%
62 Arras 42621
56%
60 Beauvais 55906
56%
34 Béziers 80815
56%
92 Boulogne-Billancourt 120205
56%
11 Carcassonne 46429
56%
95 Cergy 69578
56%
60 Creil 36494
56%
33 Mérignac 77136
56%
82 Montauban 62487
56%
92 Nanterre 98119
56%
11 Narbonne 56692
56%
92 Neuilly-sur-Seine 59200
56%
58 Nevers 33172
56%
50 Saint-Lô 19352
56%
95 Argenteuil 107135
54%
93 Aubervilliers 89489
54%
94 Créteil 92859
54%
972 Fort-de-France 75165
54%
77 Melun 43685
54%
22 Saint-Brieuc 44607
54%
59 Tourcoing 99160
54%
90 Belfort 45646
51%
41 Blois 47092
51%
62 Boulogne-sur-Mer 41039
51%
53 Laval 49474
51%
77 Meaux 56659
51%
95 Pontoise 31623
51%
974 Saint-Pierre 85254
51%
59 Valenciennes 42979
51%
47 Agen 32193
49%
93 Bobigny 55270
49%
08 Charleville-Mézières 45634
49%
36 Châteauroux 43079
49%
92 Courbevoie 81945
49%
59 Douai 39833
49%
38 Fontaine 22471
49%
83 Fréjus 58499
49%
25 Montbéliard 25516
49%
974 Saint-Paul 106220
49%
19 Tulle 13602
49%
03 Vichy 25702
49%
81 Albi 50605
46%
30 Alès 45025
46%
06 Antibes 76612
46%
13 Aubagne 47724
46%
55 Bar-le-Duc 14615
46%
18 Bourges 64238
46%
19 Brive-la-Gaillarde 46769
46%
81 Castres 42700
46%
28 Chartres 37990
46%
29 Concarneau 20632
46%
40 Dax 21716
46%
27 Évreux 48335
46%
92 Issy-les-Moulineaux 67695
46%
64 Lons 13708
46%
39 Lons-le-Saunier 16942
46%
71 Mâcon 34759
46%
93 Montreuil 110758
46%
84 Orange 29357
46%
12 Rodez 24136
46%
17 Saintes 25312
46%
31 Saint-Jean 11239
46%
34 Sète 45090
46%
65 Tarbes 44529
46%
57 Thionville 42778
46%
94 Vitry-sur-Seine 95282
46%
33 Arcachon 10895
44%
13 Arles 51156
44%
46 Cahors 19902
44%
973 Cayenne 63956
44%
92 Clichy 65102
44%
92 Colombes 90692
44%
60 Compiègne 40808
44%
76 Dieppe 28599
44%
92 Gennevilliers 50874
44%
83 Hyères 55384
44%
02 Laon 24066
44%
85 Les Sables-d'Olonne 48740
44%
65 Lourdes 13266
44%
13 Martigues 48818
44%
91 Massy 50597
44%
48 Mende 12322
44%
40 Mont-de-Marsan 31455
44%
92 Montrouge 46273
44%
93 Pantin 60954
44%
33 Pessac 66874
44%
17 Royan 19322
44%
95 Sarcelles 58576
44%
89 Sens 27275
44%
33 Talence 45869
44%
94 Vincennes 48368
44%
74 Annemasse 37595
41%
92 Antony 64026
41%
93 Aulnay-sous-Bois 86360
41%
93 Bondy 51066
41%
52 Chaumont 21418
41%
16 Cognac 18466
41%
28 Dreux 31205
41%
88 Épinal 32296
41%
23 Guéret 12814
41%
974 Le Port 33670
41%
43 Le Puy-en-Velay 18989
41%
33 Libourne 24668
41%
06 Menton 30326
41%
03 Montluçon 33317
41%
42 Roanne 35364
41%
17 Rochefort 23188
41%
92 Rueil-Malmaison 80842
41%
83 Saint-Raphaël 36632
41%
93 Sevran 51640
41%
70 Vesoul 15306
41%
38 Vienne 31555
41%
94 Villejuif 58142
41%
59 Villeneuve-d'Ascq 62342
41%
61 Alençon 25667
38%
15 Aurillac 26189
38%
50 Avranches 10225
38%
05 Briançon 10748
38%
06 Cagnes-sur-Mer 52852
38%
86 Châtellerault 31105
38%
49 Cholet 54074
38%
04 Digne-les-Bains 17694
38%
22 Dinan 14966
38%
93 Drancy 71312
38%
77 Fontainebleau 15787
38%
06 Grasse 48669
38%
13 Istres 44044
38%
94 Ivry-sur-Seine 64526
38%
83 La Seyne-sur-Mer 62905
38%
92 Levallois-Perret 68412
38%
26 Montélimar 40356
38%
03 Moulins 19344
38%
93 Noisy-le-Grand 71632
38%
93 Noisy-le-Sec 45915
38%
91 Palaiseau 36067
38%
24 Périgueux 29876
38%
974 Saint-Louis 54478
38%
68 Saint-Louis 22530
38%
02 Saint-Quentin 52995
38%
18 Vierzon 25254
38%
34 Agde 29612
36%
92 Asnières-sur-Seine 91457
36%
59 Cambrai 31568
36%
60 Chantilly 10740
36%
50 Cherbourg-en-Cotentin 78028
36%
50 La Hague 11444
36%
78 Mantes-la-Jolie 44246
36%
13 Marignane 33164
36%
12 Millau 21859
36%
29 Morlaix 15220
36%
94 Orly 24488
36%
25 Pontarlier 17928
36%
92 Puteaux 44198
36%
49 Saumur 26074
36%
02 Soissons 28667
36%
84 Apt 10297
33%
32 Auch 22825
33%
92 Bagneux 43647
33%
21 Beaune 20233
33%
69 Bron 42850
33%
71 Chalon-sur-Saône 44592
33%
93 Clichy-sous-Bois 29551
33%
83 Draguignan 40789
33%
51 Épernay 22022
33%
93 Épinay-sur-Seine 53564
33%
76 Fécamp 17961
33%
973 Kourou 24470
33%
83 Le Beausset 10098
33%
71 Le Creusot 20536
33%
53 Mayenne 12854
33%
01 Oyonnax 22378
33%
79 Parthenay 10121
33%
971 Pointe-à-Pitre 14855
33%
78 Poissy 40792
33%
56 Pontivy 14547
33%
93 Rosny-sous-Bois 45947
33%
974 Saint-André 57546
33%
52 Saint-Dizier 22811
33%
93 Stains 40600
33%
78 Trappes 34276
33%
92 Vanves 28507
33%
69 Vénissieux 66701
33%
80 Abbeville 22406
31%
64 Anglet 42288
31%
71 Autun 13144
31%
24 Bergerac 26852
31%
31 Blagnac 27314
31%
92 Bois-Colombes 29376
31%
92 Châtillon 36224
31%
94 Choisy-le-Roi 46122
31%
91 Corbeil-Essonnes 53712
31%
35 Dinard 10407
31%
39 Dole 23784
31%
38 Échirolles 36708
31%
93 Gagny 40790
31%
67 Haguenau 36070
31%
64 Hendaye 18074
31%
37 Joué-lès-Tours 38432
31%
93 La Courneuve 47086
31%
22 Lannion 20525
31%
93 Le Blanc-Mesnil 59912
31%
971 Les Abymes 51760
31%
93 Les Lilas 23262
31%
974 Le Tampon 81964
31%
14 Lisieux 19540
31%
92 Malakoff 30183
31%
04 Manosque 22807
31%
47 Marmande 17361
31%
92 Meudon 46722
31%
45 Montargis 14819
31%
31 Muret 25653
31%
94 Nogent-sur-Marne 32998
31%
2A Porto-Vecchio 11536
31%
29 Quimperlé 12444
31%
63 Riom 18680
31%
26 Romans-sur-Isère 33139
31%
974 Saint-Benoît 37585
31%
88 Saint-Dié-des-Vosges 19324
31%
93 Saint-Ouen-sur-Seine 53041
31%
69 Saint-Priest 49193
31%
13 Salon-de-Provence 44553
31%
08 Sedan 16727
31%
60 Senlis 15238
31%
92 Suresnes 48932
31%
55 Verdun 16610
31%
73 Albertville 19706
28%
94 Alfortville 45569
28%
14 Bayeux 12754
28%
33 Bègles 30968
28%
40 Biscarrosse 15412
28%
92 Bourg-la-Reine 21140
28%
79 Bressuire 19860
28%
11 Castelnaudary 12212
28%
33 Cenon 26784
28%
94 Champigny-sur-Marne 78367
28%
02 Château-Thierry 15068
28%
92 Clamart 56882
28%
29 Douarnenez 14188
28%
57 Forbach 21111
28%
35 Fougères 20602
28%
45 Gien 13431
28%
95 Goussainville 30952
28%
91 Grigny 26500
28%
72 La Flèche 15081
28%
06 Le Cannet 40198
28%
972 Le Lamentin 39346
28%
93 Livry-Gargan 46507
28%
44 Pornic 18382
28%
77 Provins 11824
28%
44 Rezé 43349
28%
93 Romainville 35314
28%
42 Saint-Chamond 35586
28%
92 Saint-Cloud 29859
28%
78 Saint-Germain-en-Laye 45286
28%
44 Saint-Herblain 50561
28%
94 Saint-Maur-des-Fossés 76010
28%
62 Saint-Omer 14358
28%
57 Sarreguemines 20324
28%
67 Sélestat 19523
28%
74 Thonon-les-Bains 37689
28%
77 Torcy 22939
28%
27 Vernon 24841
28%
47 Villeneuve-sur-Lot 22004
28%
35 Vitré 18892
28%
07 Annonay 17222
26%
61 Argentan 13494
26%
93 Bagnolet 41776
26%
62 Béthune 25342
26%
95 Bezons 34314
26%
69 Caluire-et-Cuire 43479
26%
84 Carpentras 30854
26%
77 Cesson 11141
26%
44 Châteaubriant 12231
26%
77 Chelles 54372
26%
31 Colomiers 40916
26%
77 Coulommiers 15696
26%
91 Étampes 26601
26%
92 Fontenay-aux-Roses 24586
26%
81 Gaillac 16080
26%
95 Garges-lès-Gonesse 42388
26%
94 Gentilly 18883
26%
33 Gradignan 26186
26%
50 Granville 12799
26%
63 Issoire 15078
26%
94 Joinville-le-Pont 20784
26%
13 La Ciotat 37599
26%
34 Lattes 17592
26%
76 Le Grand-Quevilly 25954
26%
94 Le Kremlin-Bicêtre 23678
26%
83 Le Luc 11124
26%
76 Le Petit-Quevilly 21935
26%
78 Les Mureaux 34151
26%
54 Lunéville 17920
26%
94 Maisons-Alfort 57422
26%
59 Marly 11980
26%
42 Montbrison 16098
26%
93 Montfermeil 28257
26%
69 Oullins-Pierre-Bénite 37928
26%
78 Plaisir 31971
26%
54 Pont-à-Mousson 14383
26%
78 Rambouillet 27145
26%
78 Saint-Cyr-l'École 20451
26%
971 Sainte-Anne 24415
26%
974 Sainte-Marie 35584
26%
972 Sainte-Marie 14827
26%
31 Saint-Gaudens 11869
26%
38 Saint-Martin-d'Hères 38022
26%
78 Sartrouville 51570
26%
67 Schiltigheim 34382
26%
63 Thiers 11686
26%
69 Vaulx-en-Velin 52448
26%
69 Villefranche-sur-Saône 36224
26%
33 Villenave-d'Ornon 42185
26%
93 Villepinte 39647
26%
93 Villetaneuse 12432
26%
13 Vitrolles 36612
26%
51 Vitry-le-François 11349
26%
73 Aix-les-Bains 32175
23%
37 Amboise 13132
23%
57 Amnéville 10853
23%
94 Arcueil 21868
23%
74 Bonneville 13320
23%
38 Bourgoin-Jallieu 29816
23%
83 Brignoles 17846
23%
84 Cavaillon 25890
23%
77 Champs-sur-Marne 26661
23%
28 Châteaudun 12898
23%
78 Chatou 30054
23%
92 Chaville 20198
23%
33 Floirac 17939
23%
94 Fontenay-sous-Bois 52646
23%
95 Franconville 38024
23%
94 Fresnes 29298
23%
92 Garches 17705
23%
27 Gisors 12395
23%
29 Guipavas 15401
23%
29 Landerneau 16327
23%
56 Lanester 23188
23%
974 La Possession 36390
23%
93 Le Bourget 15052
23%
92 Le Plessis-Robinson 28893
23%
93 Le Pré-Saint-Gervais 16733
23%
85 Les Herbiers 16589
23%
94 L'Haÿ-les-Roses 31338
23%
59 Marcq-en-Barœul 39943
23%
59 Maubeuge 28879
23%
71 Montceau-les-Mines 16946
23%
57 Montigny-lès-Metz 21869
23%
93 Neuilly-sur-Marne 38799
23%
09 Pamiers 16512
23%
77 Pontault-Combault 38941
23%
69 Rillieux-la-Pape 31479
23%
971 Saint-Claude 10432
23%
76 Saint-Étienne-du-Rouvray 28653
23%
971 Saint-François 13249
23%
30 Saint-Gilles 14427
23%
64 Saint-Jean-de-Luz 14690
23%
973 Saint-Laurent-du-Maroni 51732
23%
974 Saint-Leu 35597
23%
95 Saint-Ouen-l'Aumône 25614
23%
57 Sarrebourg 12274
23%
94 Thiais 32006
23%
07 Tournon-sur-Rhône 11302
23%
93 Tremblay-en-France 38210
23%
41 Vendôme 15566
23%
91 Yerres 28349
23%
59 Armentières 26107
21%
91 Athis-Mons 36451
21%
63 Beaumont 10787
21%
62 Berck 12967
21%
33 Biganos 11303
21%
76 Bois-Guillaume 14497
21%
84 Bollène 13871
21%
91 Brétigny-sur-Orge 26658
21%
33 Bruges 20382
21%
35 Bruz 19667
21%
94 Cachan 30526
21%
76 Canteleu 14420
21%
44 Carquefou 20535
21%
63 Chamalières 17591
21%
94 Charenton-le-Pont 28756
21%
59 Denain 20622
21%
95 Enghien-les-Bains 11594
21%
85 Fontenay-le-Comte 13806
21%
01 Gex 13455
21%
91 Gif-sur-Yvette 22578
21%
69 Givors 20943
21%
95 Gonesse 26959
21%
59 Gravelines 11451
21%
68 Guebwiller 11090
21%
78 Houilles 33617
21%
36 Issoudun 10953
21%
91 Juvisy-sur-Orge 18978
21%
44 La Baule-Escoublac 16613
21%
83 La Garde 26316
21%
33 La Teste-de-Buch 27141
21%
84 Le Pontet 17985
21%
93 Le Raincy 14778
21%
91 Les Ulis 25633
21%
62 Liévin 30113
21%
11 Limoux 10339
21%
54 Longwy 15492
21%
59 Loos 22948
21%
33 Lormont 24654
21%
34 Lunel 26380
21%
82 Moissac 13652
21%
76 Mont-Saint-Aignan 20188
21%
64 Oloron-Sainte-Marie 10658
21%
64 Orthez 10836
21%
74 Passy 10852
21%
22 Plérin 14527
21%
56 Ploemeur 18873
21%
56 Ploërmel 10021
21%
29 Plougastel-Daoulas 13431
21%
29 Plouzané 13437
21%
91 Ris-Orangis 30283
21%
41 Romorantin-Lanthenay 18377
21%
72 Sablé-sur-Sarthe 12194
21%
83 Sainte-Maxime 14394
21%
74 Saint-Julien-en-Genevois 15925
21%
94 Saint-Maurice 14411
21%
54 Saint-Max 10100
21%
44 Saint-Sébastien-sur-Loire 28373
21%
74 Sallanches 17041
21%
67 Saverne 11323
21%
91 Savigny-sur-Orge 37775
21%
92 Sceaux 20740
21%
92 Sèvres 22782
21%
83 Six-Fours-les-Plages 36843
21%
69 Tassin-la-Demi-Lune 22819
21%
79 Thouars 13949
21%
06 Vallauris 28579
21%
92 Villeneuve-la-Garenne 25566
21%
94 Villeneuve-Saint-Georges 36170
21%
95 Villiers-le-Bel 29238
21%
94 Villiers-sur-Marne 32547
21%
14 Vire Normandie 17411
21%
38 Voiron 21604
21%
59 Wattrelos 40881
21%
76 Yvetot 11548
21%
13 Allauch 21404
18%
01 Ambérieu-en-Bugey 15554
18%
07 Aubenas 12488
18%
56 Auray 14417
18%
971 Baie-Mahault 30943
18%
76 Bolbec 11618
18%
26 Bourg-lès-Valence 19872
18%
94 Bry-sur-Marne 18095
18%
34 Castelnau-le-Lez 25404
18%
82 Castelsarrasin 14335
18%
68 Cernay 11737
18%
35 Cesson-Sévigné 18076
18%
85 Challans 22890
18%
37 Chambray-lès-Tours 11877
18%
35 Châteaugiron 10688
18%
92 Châtenay-Malabry 35490
18%
21 Chenôve 14299
18%
94 Chevilly-Larue 19813
18%
74 Cluses 17366
18%
83 Cogolin 12076
18%
78 Conflans-Sainte-Honorine 36306
18%
69 Corbas 11196
18%
63 Cournon-d'Auvergne 20020
18%
59 Croix 20956
18%
69 Décines-Charpieu 29905
18%
91 Dourdan 11068
18%
91 Draveil 29824
18%
76 Elbeuf 15774
18%
91 Épinay-sur-Orge 10626
18%
61 Flers 14308
18%
13 Fos-sur-Mer 15694
18%
59 Grande-Synthe 20347
18%
44 Guérande 16684
18%
33 Gujan-Mestras 22643
18%
78 Guyancourt 29758
18%
62 Hénin-Beaumont 25764
18%
56 Hennebont 15831
18%
14 Ifs 11868
18%
44 La Chapelle-sur-Erdre 20483
18%
92 La Garenne-Colombes 29828
18%
22 Lamballe-Armor 16911
18%
972 La Trinité 11622
18%
06 La Trinité 10485
18%
29 Le Relecq-Kerhuon 11837
18%
93 Les Pavillons-sous-Bois 24872
18%
27 Louviers 18347
18%
78 Maisons-Laffitte 22855
18%
76 Maromme 11005
18%
38 Meylan 18790
18%
69 Meyzieu 36437
18%
33 Mios 11756
18%
95 Montmorency 21677
18%
06 Mougins 19481
18%
77 Nemours 13118
18%
93 Neuilly-Plaisance 21914
18%
67 Obernai 12303
18%
44 Orvault 28341
18%
66 Pia 11174
18%
93 Pierrefitte-sur-Seine 33670
18%
22 Ploufragan 11347
18%
44 Pornichet 12530
18%
42 Rive-de-Gier 15457
18%
77 Roissy-en-Brie 23521
18%
74 Rumilly 16082
18%
59 Saint-Amand-les-Eaux 16042
18%
33 Saint-André-de-Cubzac 12786
18%
91 Sainte-Geneviève-des-Bois 35714
18%
69 Saint-Fons 19549
18%
94 Saint-Mandé 21223
18%
33 Saint-Médard-en-Jalles 32749
18%
77 Savigny-le-Temple 30630
18%
84 Sorgues 19030
18%
76 Sotteville-lès-Rouen 29039
18%
21 Talant 11986
18%
13 Tarascon 15525
18%
40 Tarnos 12900
18%
31 Tournefeuille 29724
18%
94 Valenton 14453
18%
54 Vandœuvre-lès-Nancy 29697
18%
78 Vélizy-Villacoublay 22481
18%
06 Vence 19856
18%
44 Vertou 26048
18%
38 Villefontaine 19018
18%
12 Villefranche-de-Rouergue 11502
18%
93 Villemomble 29973
18%
06 Villeneuve-Loubet 16729
18%
91 Viry-Châtillon 31112
18%
57 Woippy 14394
18%
03 Yzeure 12670
18%
78 Achères 21663
15%
33 Ambarès-et-Lagrave 17298
15%
33 Andernos-les-Bains 12614
15%
78 Andrésy 13663
15%
42 Andrézieux-Bouthéon 10312
15%
66 Argelès-sur-Mer 10779
15%
25 Audincourt 14009
15%
62 Avion 17571
15%
31 Balma 17431
15%
06 Beausoleil 12430
15%
35 Betton 12775
15%
64 Billère 14037
15%
67 Bischwiller 12211
15%
33 Blanquefort 16786
15%
94 Boissy-Saint-Léger 17335
15%
77 Brie-Comte-Robert 18999
15%
66 Canet-en-Roussillon 13005
15%
78 Carrières-sur-Seine 15002
15%
33 Cestas 16757
15%
35 Chantepie 10378
15%
53 Château-Gontier-sur-Mayenne 16539
15%
13 Châteaurenard 16668
15%
02 Chauny 11456
15%
60 Crépy-en-Valois 14243
15%
77 Dammarie-les-Lys 23252
15%
95 Domont 16075
15%
93 Dugny 11723
15%
69 Écully 18019
15%
95 Éragny 18723
15%
95 Ermont 29189
15%
33 Eysines 24436
15%
59 Faches-Thumesnil 18310
15%
42 Firminy 17128
15%
91 Fleury-Mérogis 13816
15%
29 Fouesnant 10204
15%
74 Gaillard 11054
15%
13 Gardanne 21534
15%
63 Gerzat 10268
15%
81 Graulhet 13275
15%
59 Halluin 20684
15%
57 Hayange 16013
15%
59 Hazebrouck 21785
15%
59 Hem 18579
15%
14 Hérouville-Saint-Clair 22473
15%
91 Igny 10571
15%
67 Illkirch-Graffenstaden 27339
15%
95 Jouy-le-Moutier 17411
15%
34 Juvignac 13776
15%
78 La Celle-Saint-Cloud 20440
15%
971 Lamentin 18437
15%
37 La Riche 10349
15%
83 La Valette-du-Var 23660
15%
33 Le Bouscat 24262
15%
33 Léognan 10723
15%
38 Le Pont-de-Claix 10846
15%
49 Les Ponts-de-Cé 12863
15%
77 Lieusaint 14096
15%
95 L'Isle-Adam 12302
15%
38 L'Isle-d'Abeau 17096
15%
84 L'Isle-sur-la-Sorgue 20315
15%
77 Lognes 14678
15%
91 Longjumeau 20470
15%
28 Lucé 15658
15%
06 Mandelieu-la-Napoule 21201
15%
78 Maurepas 19960
15%
81 Mazamet 10123
15%
13 Miramas 25891
15%
01 Miribel 10450
15%
77 Mitry-Mory 20393
15%
78 Montigny-le-Bretonneux 32150
15%
91 Morangis 13773
15%
91 Morsang-sur-Orge 21161
15%
62 Nœux-les-Mines 11384
15%
60 Noyon 12810
15%
45 Olivet 22988
15%
95 Osny 17471
15%
35 Pacé 11815
15%
95 Persan 14348
15%
971 Petit-Bourg 24299
15%
42 Riorges 11034
15%
83 Roquebrune-sur-Argens 15006
15%
57 Saint-Avold 14828
15%
95 Saint-Brice-sous-Forêt 15209
15%
66 Saint-Cyprien 11995
15%
83 Saint-Cyr-sur-Mer 11668
15%
69 Sainte-Foy-lès-Lyon 21893
15%
38 Saint-Égrève 17930
15%
69 Saint-Genis-Laval 21329
15%
95 Saint-Gratien 21297
15%
85 Saint-Hilaire-de-Riez 12923
15%
35 Saint-Jacques-de-la-Lande 13593
15%
974 Saint-Joseph 38992
15%
972 Saint-Joseph 16470
15%
87 Saint-Junien 11382
15%
06 Saint-Laurent-du-Var 31645
15%
40 Saint-Paul-lès-Dax 14114
15%
37 Saint-Pierre-des-Corps 15698
15%
83 Sanary-sur-Mer 17938
15%
45 Saran 16866
15%
49 Segré-en-Anjou Bleu 17617
15%
95 Soisy-sous-Montmorency 18068
15%
94 Sucy-en-Brie 27593
15%
95 Taverny 27065
15%
49 Trélazé 15620
15%
06 Valbonne 12389
15%
27 Val-de-Reuil 12939
15%
01 Valserhône 16162
15%
28 Vernouillet 12491
15%
59 Vieux-Condé 10455
15%
91 Vigneux-sur-Seine 31233
15%
91 Villebon-sur-Yvette 10353
15%
92 Ville-d'Avray 10871
15%
30 Villeneuve-lès-Avignon 12950
15%
02 Villers-Cotterêts 10376
15%
78 Viroflay 16943
15%
68 Wittelsheim 10364
15%
57 Yutz 17497
15%
72 Allonnes 10740
13%
44 Ancenis-Saint-Géréon 11346
13%
59 Aniche 10001
13%
59 Annœullin 10887
13%
59 Anzin 13417
13%
95 Arnouville 14898
13%
91 Arpajon 11503
13%
63 Aubière 10273
13%
49 Avrillé 15225
13%
30 Bagnols-sur-Cèze 18124
13%
59 Bailleul 14734
13%
76 Barentin 12227
13%
30 Beaucaire 15695
13%
69 Belleville-en-Beaujolais 13767
13%
13 Berre-l'Étang 13941
13%
67 Bischheim 18289
13%
78 Bois-d'Arcy 16225
13%
91 Bondoufle 10833
13%
94 Bonneuil-sur-Marne 18340
13%
44 Bouguenais 20590
13%
62 Bruay-la-Buissière 21997
13%
59 Bruay-sur-l'Escaut 11584
13%
67 Brumath 10369
13%
77 Bussy-Saint-Georges 26334
13%
86 Buxerolles 10253
13%
78 Carrières-sous-Poissy 19951
13%
31 Castanet-Tolosan 15264
13%
59 Caudry 14032
13%
78 Chanteloup-les-Vignes 10793
13%
13 Châteauneuf-les-Martigues 18364
13%
94 Chennevières-sur-Marne 18295
13%
21 Chevigny-Saint-Sauveur 10895
13%
91 Chilly-Mazarin 19981
13%
77 Claye-Souilly 12381
13%
95 Cormeilles-en-Parisis 27086
13%
59 Coudekerque-Branche 20833
13%
69 Craponne 12170
13%
57 Creutzwald 12389
13%
83 Cuers 12841
13%
31 Cugnaux 20239
13%
77 Dammartin-en-Goële 11508
13%
95 Deuil-la-Barre 22903
13%
76 Déville-lès-Rouen 10690
13%
01 Divonne-les-Bains 10300
13%
59 Douchy-les-Mines 10112
13%
49 Doué-en-Anjou 11227
13%
95 Eaubonne 25934
13%
78 Élancourt 26348
13%
91 Épinay-sous-Sénart 11783
13%
67 Erstein 11076
13%
62 Étaples 10693
13%
45 Fleury-les-Aubrais 21664
13%
57 Florange 11891
13%
78 Fontenay-le-Fleury 13640
13%
95 Fosses 10249
13%
59 Fourmies 11528
13%
69 Francheville 15664
13%
34 Frontignan 23788
13%
69 Genas 13446
13%
56 Guidel 12236
13%
07 Guilherand-Granges 11277
13%
95 Herblay-sur-Seine 31818
13%
70 Héricourt 10525
13%
59 Jeumont 10273
13%
10 La Chapelle-Saint-Luc 12603
13%
83 La Crau 19416
13%
77 Lagny-sur-Marne 21433
13%
59 La Madeleine 22161
13%
59 Lambersart 27105
13%
94 La Queue-en-Brie 12074
13%
81 Lavaur 10884
13%
54 Laxou 15126
13%
42 Le Chambon-Feugerolles 12307
13%
971 Le Gosier 27205
13%
33 Le Haillan 11499
13%
94 Le Perreux-sur-Marne 34654
13%
94 Le Plessis-Trévise 21096
13%
972 Le Robert 21490
13%
78 Les Clayes-sous-Bois 16940
13%
13 Les Pennes-Mirabeau 22423
13%
33 Le Taillan-Médoc 10966
13%
974 L'Étang-Salé 14329
13%
78 Le Vésinet 15712
13%
11 Lézignan-Corbières 10855
13%
95 Louvres 12226
13%
28 Mainvilliers 10950
13%
973 Mana 11364
13%
78 Mantes-la-Ville 21874
13%
973 Matoury 35551
13%
91 Mennecy 16071
13%
60 Méru 14091
13%
95 Méry-sur-Oise 10015
13%
34 Mèze 12711
13%
69 Mions 13716
13%
14 Mondeville 10286
13%
59 Mons-en-Barœul 21368
13%
85 Montaigu-Vendée 20754
13%
60 Montataire 13944
13%
77 Montereau-Fault-Yonne 21840
13%
77 Montévrain 14847
13%
95 Montigny-lès-Cormeilles 22390
13%
76 Montivilliers 15671
13%
95 Montmagny 14632
13%
60 Nogent-sur-Oise 21859
13%
77 Noisiel 15927
13%
76 Oissel 12287
13%
83 Ollioules 14320
13%
94 Ormesson-sur-Marne 10589
13%
91 Orsay 16655
13%
67 Ostwald 13492
13%
62 Outreau 13398
13%
77 Ozoir-la-Ferrière 20969
13%
87 Panazol 11207
13%
84 Pertuis 19764
13%
26 Pierrelatte 13909
13%
95 Pierrelaye 10230
13%
63 Pont-du-Château 12422
13%
30 Pont-Saint-Esprit 10759
13%
76 Port-Jérôme-sur-Seine 10392
13%
973 Remire-Montjoly 27037
13%
10 Romilly-sur-Seine 14751
13%
59 Ronchin 19436
13%
06 Roquebrune-Cap-Martin 12419
13%
59 Saint-André-lez-Lille 12909
13%
56 Saint-Avé 12173
13%
44 Saint-Brevin-les-Pins 14645
13%
44 Sainte-Luce-sur-Loire 16227
13%
971 Sainte-Rose 17494
13%
66 Saint-Estève 11673
13%
974 Sainte-Suzanne 24855
13%
91 Saint-Germain-lès-Arpajon 11577
13%
83 Saint-Maximin-la-Sainte-Baume 17691
13%
91 Saint-Michel-sur-Orge 21536
13%
95 Sannois 26772
13%
972 Schœlcher 19342
13%
38 Seyssinet-Pariset 11784
13%
69 Tarare 10881
13%
02 Tergnier 13261
13%
77 Thorigny-sur-Marne 10405
13%
44 Thouaré-sur-Loire 10956
13%
78 Triel-sur-Seine 12386
13%
25 Valentigney 10624
13%
95 Vauréal 16079
13%
78 Verneuil-sur-Seine 16112
13%
83 Vidauban 12712
13%
94 Villeneuve-le-Roi 20871
13%
31 Villeneuve-Tolosane 10704
13%
77 Villeparisis 26794
13%
59 Wasquehal 20674
13%
68 Wittenheim 15491
13%
45 Amilly 13432
10%
78 Aubergenville 12540
10%
13 Auriol 12986
10%
77 Avon 13526
10%
49 Baugé-en-Anjou 11747
10%
49 Beaupréau-en-Mauges 23887
10%
2B Borgo 10102
10%
13 Bouc-Bel-Air 15367
10%
24 Boulazac Isle Manoire 10628
10%
69 Brignais 12330
10%
49 Brissac Loire Aubance 11000
10%
91 Brunoy 25792
10%
62 Bully-les-Mines 12172
10%
66 Cabestany 10414
10%
971 Capesterre-Belle-Eau 17882
10%
50 Carentan-les-Marais 10220
10%
06 Carros 13729
10%
62 Carvin 17966
10%
31 Castelginest 11033
10%
76 Caudebec-lès-Elbeuf 10414
10%
45 Châlette-sur-Loing 12958
10%
69 Chassieu 11214
10%
49 Chemillé-en-Anjou 21550
10%
77 Combs-la-Ville 22712
10%
59 Comines 12649
10%
44 Couëron 23541
10%
62 Courrières 10160
10%
87 Couzeix 10011
10%
78 Croissy-sur-Seine 10580
10%
03 Cusset 13329
10%
972 Ducos 17837
10%
57 Fameck 14759
10%
01 Ferney-Voltaire 11530
10%
37 Fondettes 10917
10%
31 Fonsorbes 13048
10%
57 Freyming-Merlebach 13069
10%
13 Gignac-la-Nerthe 10030
10%
59 Haubourdin 14922
10%
59 Hautmont 14197
10%
67 Hœnheim 11413
10%
68 Illzach 15115
10%
68 Kingersheim 13265
10%
45 La Chapelle-Saint-Mesmin 10492
10%
83 La Londe-les-Maures 11010
10%
73 La Motte-Servolex 12167
10%
74 La Roche-sur-Foron 11239
10%
78 Le Chesnay-Rocquencourt 31064
10%
972 Le François 15858
10%
77 Le Mée-sur-Seine 19527
10%
971 Le Moule 22924
10%
78 Le Pecq 15858
10%
78 Limay 17584
10%
94 Limeil-Brévannes 27806
10%
67 Lingolsheim 20683
10%
49 Loire-Authion 16588
10%
31 L'Union 12410
10%
59 Lys-lez-Lannoy 13987
10%
973 Macouria 18807
10%
57 Maizières-lès-Metz 11725
10%
78 Marly-le-Roi 16619
10%
59 Marquette-lez-Lille 11709
10%
49 Mauges-sur-Loire 18514
10%
34 Mauguio 16417
10%
54 Maxéville 10014
10%
77 Moissy-Cramayel 18498
10%
78 Montesson 14606
10%
84 Monteux 13159
10%
91 Montgeron 23890
10%
37 Montlouis-sur-Loire 11261
10%
49 Montrevault-sur-Èvre 15684
10%
971 Morne-à-l'Eau 15839
10%
59 Neuville-en-Ferrain 10125
10%
12 Onet-le-Château 12062
10%
49 Orée d'Anjou 16975
10%
33 Parempuyre 10407
10%
13 Pélissanne 10799
10%
84 Pernes-les-Fontaines 10433
10%
68 Pfastatt 10275
10%
31 Plaisance-du-Touch 20471
10%
13 Plan-de-Cuques 11504
10%
44 Pontchâteau 11249
10%
60 Pont-Sainte-Maxence 12343
10%
13 Port-de-Bouc 16138
10%
26 Portes-lès-Valence 10369
10%
59 Raismes 12140
10%
31 Ramonville-Saint-Agne 15172
10%
68 Riedisheim 12154
10%
972 Rivière-Pilote 11797
10%
972 Rivière-Salée 11818
10%
68 Rixheim 14125
10%
13 Rognac 12335
10%
59 Roncq 13873
10%
10 Saint-André-les-Vergers 12695
10%
37 Saint-Avertin 15075
10%
37 Saint-Cyr-sur-Loire 16766
10%
10 Sainte-Savine 10457
10%
77 Saint-Fargeau-Ponthierry 15117
10%
01 Saint-Genis-Pouilly 14584
10%
45 Saint-Jean-de-Braye 22088
10%
45 Saint-Jean-de-la-Ruelle 16608
10%
34 Saint-Jean-de-Védas 13300
10%
42 Saint-Just-Saint-Rambert 15579
10%
95 Saint-Leu-la-Forêt 16047
10%
33 Saint-Loubès 10057
10%
62 Saint-Martin-Boulogne 11036
10%
13 Saint-Martin-de-Crau 13962
10%
31 Saint-Orens-de-Gameville 14229
10%
91 Saint-Pierre-du-Perray 12071
10%
38 Sassenage 11579
10%
59 Seclin 13011
10%
49 Sèvremoine 25764
10%
59 Sin-le-Noble 15916
10%
59 Somain 11902
10%
57 Stiring-Wendel 11048
10%
51 Tinqueux 10662
10%
13 Trets 10933
10%
64 Urrugne 10594
10%
77 Vaires-sur-Marne 13791
10%
30 Vauvert 11772
10%
77 Vaux-le-Pénil 11378
10%
84 Vedène 11799
10%
91 Verrières-le-Buisson 14772
10%
34 Villeneuve-lès-Maguelone 10406
10%
78 Villepreux 11568
10%
54 Villers-lès-Nancy 14938
10%
54 Villerupt 10086
10%
78 Voisins-le-Bretonneux 10740
10%
59 Wattignies 15756
10%
85 Aizenay 10218
8%
62 Auchel 10124
8%
31 Auterive 10291
8%
06 Biot 10196
8%
44 Blain 10352
8%
974 Bras-Panon 13131
8%
13 Cabriès 10143
8%
38 Charvieu-Chavagneux 10459
8%
38 Eybens 10095
8%
13 Fuveau 10235
8%
62 Harnes 12264
8%
77 La Ferté-sous-Jouarre 10004
8%
83 Le Pradet 10582
8%
974 Les Avirons 11445
8%
62 Lillers 10200
8%
62 Longuenesse 10559
8%
62 Marck 10468
8%
62 Méricourt 11651
8%
77 Moret-Loing-et-Orvanne 12576
8%
06 Mouans-Sartoux 10847
8%
59 Mouvaux 13239
8%
62 Oignies 10260
8%
974 Petite-Île 12920
8%
972 Saint-Esprit 10422
8%
34 Saint-Gély-du-Fesc 10530
8%
59 Saint-Saulve 11121
8%
13 Septèmes-les-Vallons 12018
8%
31 Seysses 10167
8%
83 Solliès-Pont 12210
8%
16 Soyaux 10057
8%
44 Treillières 10414
8%
74 Vétraz-Monthoux 10412
8%
94 Villecresnes 11650
8%
59 Wambrechies 10984
8%
973 Apatou 10059
5%
Aucun quiz correspondant
Distribution des résultats
% des personnes avec chaque résultat
Percentile par nombre de réponses
Votre historique - résultats
Vous n’avez pas pris ce quiz